Mistrzowie NBA - nagła śmierć - Statystyki

Ogólne statystyki
  • Ten quiz został rozwiązany 1 201 razy
  • Średni wynik to 8 z 24
Answers on the Grid
Answers color-coded by a green-red scale on the quiz's grid according to % correct below.
Allen Iverson
Anthony Davis
Anthony Edwards
Bill Laimbeer
Bill Russell
Bill Walton
Bob Pettit
Brook Lopez
Carmelo Anthony
Charles Barkley
Chris Paul
Chris Webber
Clyde Drexler
Damian Lillard
David Robinson
DeMar DeRozan
Derrick Rose
Dwight Howard
Gary Payton
George Mikan
Hakeem Olajuwon
James Harden
Jayson Tatum
Jerry West
Jimmy Butler
Joel Embiid
John Stockton
Jrue Holiday
Karl Malone
Kevin Durant
LeBron James
Luka Doncic
Michael Jordan
Moses Malone
Nikola Jokic
Rajon Rondo
Ray Allen
Reggie Miller
Rudy Gobert
Russell Westbrook
Steve Nash
Tony Parker
Tracy McGrady
Wilt Chamberlain
Zion Williamson
 
Statystyki odpowiedzi
Odpowiedź % Poprawnych
Anthony Davis
72%
Bill Russell
66%
LeBron James
42%
Kevin Durant
39%
Brook Lopez
36%
Hakeem Olajuwon
36%
Jayson Tatum
36%
Michael Jordan
36%
Bob Pettit
35%
Nikola Jokic
35%
Wilt Chamberlain
35%
Bill Walton
32%
David Robinson
32%
Dwight Howard
25%
Ray Allen
25%
Jerry West
24%
Jrue Holiday
23%
Rajon Rondo
23%
Tony Parker
23%
Bill Laimbeer
22%
Clyde Drexler
19%
Gary Payton
15%
George Mikan
15%
Moses Malone
15%
Nie znaleziono quizów pasujących do podanych kryteriów
Rozkład punktacji
Procent ludzi z każdym wynikiem
Percentyl według liczby udzielonych odpowiedzi
Twoja historia wyników
Nie rozwiązałeś tego quizu